000 00578nam a22001577a 4500
005 2012060906116.0
020 _a81864680201
_c100.00
035 _aA-828354
037 _aDPL
_bENG
100 _aAdhikari, Santosh Kumar
_948771
245 _aVidyasagar :
_bEducator, reformer and humanist /
_cby Santosh Kumar Adhikari
260 _aCalcutta
_bSahityika
_c1995
300 _aviii, 152p.
_c18 cms.
942 _2ddc
_cEN
_h361.3092
_mADH
999 _c67756
_d67756